| 000 | 00834nam a2200205 i 4500 | ||
|---|---|---|---|
| 001 | 107895 | ||
| 003 | ES-MaACL | ||
| 005 | 20251223063019.0 | ||
| 007 | t| | ||
| 008 | 190507s1944 sp r ||||1| spa d | ||
| 100 | 1 |
_aPalou, Francisco, _d1723-1789 _988715 |
|
| 245 | 1 | 4 |
_aEvangelista del mar Pacífico, Fray Junípero Serra, padre y fundador de la Alta California _b: reproducción textual de la Relación histórica de la vida y apostólicas tareas del V. Padre fray Junípero Serra / _cFr. Francisco Palóu. |
| 260 |
_aMadrid : _bM. Aguilar, _c1944. |
||
| 300 |
_aXXVIII, 317 p., [6] h. de lám. ; _c20 cm. |
||
| 490 | 1 |
_aEspaña misionera ; _v1 |
|
| 600 | 1 | 7 |
_aJunípero Serra, _cSanto, _d1713-1784 _2 _9153812 |
| 830 | 0 |
_aEspaña misionera ; _v1 _9186431 |
|
| 852 |
_aES-MaACL _jF-16321 |
||
| 999 |
_c107895 _d107895 |
||